Iglesias de Chiloé
Guardat en:
| Autor principal: | |
|---|---|
| Format: | Llibre |
| Idioma: | espanyol |
| Publicat: |
Santiago, Chile
Universidad Católica de Chile
1984
|
| Matèries: | |
| Etiquetes: |
Afegir etiqueta
Sense etiquetes, Sigues el primer a etiquetar aquest registre!
|
MARC
| LEADER | 00000nam a2200000 a 4500 | ||
|---|---|---|---|
| 001 | UCT0962 | ||
| 003 | CL-VaPUC | ||
| 005 | 20241021151250.0 | ||
| 008 | 960913e19840000CL |||||||||||||||||spa|d | ||
| 999 | |c 251643 |d 251641 | ||
| 040 | |c Pontificia Universidad Católica de Valparaíso | ||
| 082 | 0 | 4 | |a 726.5 GUA 1984 |2 21 |
| 100 | |a Guarda Geywitz, Gabriel |e autor |9 570466 | ||
| 245 | 1 | 0 | |a Iglesias de Chiloé |
| 260 | |a Santiago, Chile |b Universidad Católica de Chile |c 1984 | ||
| 300 | |a 235 páginas | ||
| 583 | |a last modification |c 19960913 00:00:00 |k Rodrigo Vera | ||
| 650 | 0 | |a Iglesias |z CHILOE |9 352850 | |
| 650 | 0 | |a Arquitectura religiosa |z CHILOE |9 266677 | |
| 650 | 0 | |a Arte religioso |z CHILOE |9 330545 | |
| 650 | 0 | |a Historia |x IGLESIAS |z CHILOE |9 255047 | |
| 852 | |a BIBCUR | ||
| 942 | |c BK |2 ddc | ||
| 945 | |d 19960913 00:00:00 |a rleighto | ||
| 952 | |0 0 |1 0 |2 ddc |4 0 |6 726_500000000000000_GUA_1984 |7 0 |8 A |9 270957 |a BIBARQ |b BIBARQ |d 2019-11-19 |i 3230848 |l 2 |m 2 |o 726.5 GUA 1984 |p 3230848 |r 2025-01-20 |s 2024-09-09 |t 1 |w 2019-11-19 |y BK |k ARQ | ||
| 952 | |0 0 |1 0 |2 ddc |4 0 |6 726_500000000000000_GUA_1984 |7 0 |8 X |9 270958 |a BIBHIS |b BIBHIS |d 2019-11-19 |i 1361724 |o 726.5 GUA 1984 |p 1361724 |r 2024-01-30 |t 2 |w 2019-11-19 |y BK_X |k HIS | ||